01120nam a2200361Ia 4500001000700000008004100007020002200048035001500070041000800085084001300093245009000106260003100196300002200227490001500249650001700264650004400281650003500325650002800360650001700388650003000405650001600435650003100451700004200482700002600524901000600550903000700556904000800563953003700571999001500608910000900623942001500632952011100647026638221003s2009 xx 000 0 spa d a978-84-376-2578-2 aCENDO_8663 aspa aCD-08832 0a movimiento feminista en España en los años 70 /cInés Alberdi ... [et al.] aMadrid :bCátedra,c2009 a410 p. ;c 21 cm aFeminismos aMUJERES9199 aDISCRIMINACION POR RAZONES DE SEXO9201 0aIGUALDAD DE OPORTUNIDADES9590 aIGUALDAD DE TRATO91580 aHISTORIA926 aTRANSICION POLITICA92003 aESPAÑA99 0aMOVIMIENTO FEMINISTA94309 aMARTINEZ TEN, Carmen,eed. lit.98796 aALBERDI, Inés98797 a0 aNO a000 d2009-09-14yMONOGRAFIAoCD-08832 c8662d8662 a2009 cMONOGRAFIA 00104070aCENDObCENDOd2009-09-14l0oCD-08832pCENDO_8663r2022-10-05 00:00:00w2022-10-05yMONOGRAFIA